[Event "Quebec op U2000"]
[Site "Laval CAN"]
[Date "2022.09.04"]
[Round "6.33"]
[White "Sonko, Babacar"]
[Black "Morin-Pare, Victor"]
[Result "0-1"]
[WhiteElo "1653"]
[BlackElo "1912"]
[PlyCount "66"]
[EventDate "2022.09.01"]
[EventType "swiss"]
[EventRounds "9"]
[EventCountry "CAN"]

1. e4 c6 2. d4 d5 3. exd5 cxd5 4. Bd3 Nf6 5. Nf3 Bg4 6. O-O e6 7. Bg5 Be7 8.
Nbd2 O-O 9. c3 h6 10. Bh4 Nc6 11. Qc2 Rc8 12. a3 Nd7 13. Bxe7 Nxe7 14. Rae1 a6
15. Qb1 Bf5 16. h3 b5 17. Re2 Nb6 18. Rfe1 Nc4 19. Nf1 Qb6 20. g4 Bxd3 21. Qxd3
Ng6 22. Qd1 Nf4 23. Rc2 Nxh3+ 24. Kh2 Nf4 25. Ng3 Nd6 26. Ne5 Qd8 27. Rh1 Qg5
28. Qf3 f6 29. Nd7 Rf7 30. Nc5 f5 31. gxf5 Nxf5 32. Nd3 Nxd4 33. Ne5 Nxf3+ 0-1

[Event "Quebec op U2000"]
[Site "Laval CAN"]
[Date "2022.09.04"]
[Round "6.34"]
[White "Joanis, Marc-Andre"]
[Black "Fumey, Enyonam Sewa"]
[Result "1-0"]
[WhiteElo "1780"]
[BlackElo "1825"]
[PlyCount "119"]
[EventDate "2022.09.01"]
[EventType "swiss"]
[EventRounds "9"]
[EventCountry "CAN"]

1. c4 Nf6 2. Nf3 e6 3. g3 d5 4. Bg2 Be7 5. O-O O-O 6. d4 c5 7. cxd5 exd5 8. Nc3
Nc6 9. Bg5 Ne4 10. Bxe7 Nxc3 11. Bxd8 Nxd1 12. Rfxd1 Rxd8 13. dxc5 f6 14. Rac1
Bg4 15. h3 Bh5 16. g4 Bf7 17. Nd4 Ne5 18. Nf5 Ng6 19. e3 Rab8 20. Nd6 Ne7 21.
b4 Be6 22. f4 Kf8 23. Nb5 a6 24. Nd4 Bg8 25. a4 Nc6 26. b5 Na5 27. Bf1 Ra8 28.
c6 bxc6 29. bxc6 Rdc8 30. Bd3 g6 31. f5 g5 32. Rc2 Ke7 33. Rb1 Kd6 34. Rb6 Nc4
35. Bxc4 dxc4 36. a5 Rc7 37. Kf2 Bd5 38. Rc1 Kc5 39. Ke2 h5 40. Kf2 hxg4 41.
hxg4 Rh8 42. Ne6+ Bxe6 43. fxe6 Re8 44. Rxa6 Rxe6 45. Ke2 Rcxc6 46. Rxc6+ Rxc6
47. Rf1 Rd6 48. Rf5+ Kb4 49. e4 c3 50. Rd5 c2 51. Kd2 Rxd5+ 52. exd5 Kxa5 53.
Kxc2 Kb5 54. Kd3 Kc5 55. Ke4 Kd6 56. Kf5 Ke7 57. d6+ Kxd6 58. Kxf6 Kd7 59. Kxg5
Ke6 60. Kg6 1-0

[Event "Quebec op U2000"]
[Site "Laval CAN"]
[Date "2022.09.04"]
[Round "6.35"]
[White "Moisescu, George"]
[Black "Guan, Daniel"]
[Result "0-1"]
[WhiteElo "1706"]
[BlackElo "985"]
[PlyCount "94"]
[EventDate "2022.09.01"]
[EventType "swiss"]
[EventRounds "9"]
[EventCountry "CAN"]

1. d4 Nf6 2. c4 g6 3. Nc3 Bg7 4. Nf3 O-O 5. e3 d6 6. Be2 c6 7. O-O Nbd7 8. b3
e5 9. dxe5 Nxe5 10. Nxe5 dxe5 11. Qxd8 Rxd8 12. Rd1 Rxd1+ 13. Bxd1 Be6 14. Kf1
Rd8 15. Ke1 Bf8 16. a3 Nd7 17. Bc2 f5 18. Bb2 Nc5 19. Rd1 Rxd1+ 20. Kxd1 Kf7
21. Kd2 Nd7 22. f3 a5 23. h3 Bd6 24. Ne2 a4 25. b4 Bxc4 26. Bxa4 b5 27. Bc2 Nb6
28. g4 Be6 29. Ng3 e4 30. f4 Nc4+ 31. Kc3 Nxe3 32. gxf5 gxf5 33. Ne2 Nd5+ 34.
Kd2 Nxf4 35. Nxf4 Bxf4+ 36. Kd1 Bc4 37. Bc1 Bxc1 38. Kxc1 Kg6 39. Kd2 Kg5 40.
Ke3 Bd5 41. a4 bxa4 42. Bxa4 f4+ 43. Kf2 e3+ 44. Ke2 Kh4 45. Bc2 Kg3 46. Bxh7
Bc4+ 47. Ke1 f3 0-1

[Event "Quebec op U2000"]
[Site "Laval CAN"]
[Date "2022.09.04"]
[Round "6.36"]
[White "Morales, Al"]
[Black "Vaillant, Charles-Etienne"]
[Result "1/2-1/2"]
[WhiteElo "1753"]
[BlackElo "1452"]
[PlyCount "70"]
[EventDate "2022.09.01"]
[EventType "swiss"]
[EventRounds "9"]
[EventCountry "CAN"]

1. c4 e5 2. Nc3 Nf6 3. Nf3 Nc6 4. d4 exd4 5. Nxd4 d6 6. g3 Be7 7. Bg2 Ne5 8.
O-O O-O 9. b3 Re8 10. Bb2 Bf8 11. Qc2 g6 12. Rad1 Bg7 13. Rfe1 Qe7 14. Qc1 a5
15. Qa1 Nfd7 16. Ndb5 Nb6 17. Nxc7 Qxc7 18. Nb5 Qe7 19. Nxd6 Rd8 20. c5 Nbd7
21. Nxb7 Bxb7 22. Bxb7 Rab8 23. c6 Nc5 24. Rc1 Re8 25. Rxc5 Qxc5 26. Rc1 Qb6
27. c7 Qxb7 28. cxb8=Q Qxb8 29. Rc5 f6 30. Rxa5 Qb6 31. Ra4 Nf7 32. Bd4 Qd6 33.
Qb2 Ng5 34. h4 Ne4 35. Qc2 Nxg3 1/2-1/2

[Event "Quebec op U2000"]
[Site "Laval CAN"]
[Date "2022.09.04"]
[Round "6.37"]
[White "Phaneuf, Vincent"]
[Black "Cloutier, Jean-Pierre"]
[Result "0-1"]
[WhiteElo "1682"]
[BlackElo "1714"]
[PlyCount "74"]
[EventDate "2022.09.01"]
[EventType "swiss"]
[EventRounds "9"]
[EventCountry "CAN"]

1. d4 g6 2. c4 Bg7 3. Nc3 Nf6 4. e4 d6 5. Nf3 Bg4 6. Be2 O-O 7. O-O Nbd7 8. Qc2
Rc8 9. Be3 a6 10. a4 Bxf3 11. Bxf3 e5 12. d5 Ne8 13. Bg4 Nef6 14. Be2 h6 15. a5
Ne8 16. Bd3 Nef6 17. f3 Nh5 18. g3 Ndf6 19. Kg2 Nh7 20. c5 Qd7 21. c6 bxc6 22.
Bxa6 Rb8 23. dxc6 Qxc6 24. Bd3 Qd7 25. Rfb1 Ng5 26. Bxg5 hxg5 27. h3 f5 28. Qa4
c6 29. Qc4+ Kh8 30. Be2 fxe4 31. fxe4 Qa7 32. Bf3 Rxf3 33. Kxf3 Rf8+ 34. Ke2
Qf2+ 35. Kd1 Qg2 36. Ne2 Nxg3 37. Kd2 Nxe2 0-1

[Event "Quebec op U2000"]
[Site "Laval CAN"]
[Date "2022.09.05"]
[Round "7.24"]
[White "Mangahas, Ronald"]
[Black "Di Matteo, Alessio"]
[Result "0-1"]
[WhiteElo "1842"]
[BlackElo "1909"]
[PlyCount "114"]
[EventDate "2022.09.01"]
[EventType "swiss"]
[EventRounds "9"]
[EventCountry "CAN"]

1. e4 e6 2. d4 d5 3. Nc3 Bb4 4. Nge2 dxe4 5. a3 Bxc3+ 6. Nxc3 Nc6 7. Bb5 Nge7
8. Bg5 f6 9. Be3 O-O 10. Qd2 Nd5 11. Nxd5 exd5 12. Bxc6 bxc6 13. O-O-O Be6 14.
Qa5 Qb8 15. Bf4 Rf7 16. Rhe1 Qb6 17. Qc3 Rb8 18. h4 Bg4 19. Rd2 h5 20. b3 a5
21. Re3 Qa6 22. Re1 Rb6 23. Rg1 a4 24. b4 Qc8 25. Qg3 Kh7 26. Re1 Rb7 27. Re3
Ra7 28. Rc3 Qa6 29. Rc5 Re7 30. Kb2 Rb7 31. Be3 Rb5 32. Qf4 Qb7 33. f3 Bd7 34.
g4 exf3 35. gxh5 Re4 36. Qxf3 Bg4 37. Qg3 Bxh5 38. Rg2 Rg4 39. Qf3 Rxg2 40.
Qxg2 Rxc5 41. dxc5 Qb5 42. Qf2 Qc4 43. Qf4 Qe2 44. Qf2 Qd1 45. Qd2 Qg4 46. Qf2
Bg6 47. Bf4 Qf5 48. Qh2 Qe4 49. Bxc7 Qd4+ 50. Kb1 Qc3 51. h5 Qb3+ 52. Kc1 Qxa3+
53. Kd1 Qf3+ 54. Kc1 Bxh5 55. Kb2 d4 56. Qd2 a3+ 57. Kb1 Qf1+ 0-1

[Event "Quebec op U2000"]
[Site "Laval CAN"]
[Date "2022.09.05"]
[Round "7.25"]
[White "Fang, Zhou"]
[Black "Liu, Kevin"]
[Result "1-0"]
[WhiteElo "1726"]
[BlackElo "1809"]
[PlyCount "61"]
[EventDate "2022.09.01"]
[EventType "swiss"]
[EventRounds "9"]
[EventCountry "CAN"]

1. e4 c5 2. a3 Nc6 3. b4 cxb4 4. axb4 Nxb4 5. c3 Nc6 6. d4 d6 7. d5 Ne5 8. f4
Ng6 9. Nf3 e6 10. c4 Qf6 11. Ra2 Nxf4 12. g3 Nh5 13. Ng5 Qg6 14. Be2 Nhf6 15.
h4 h5 16. c5 exd5 17. exd5 Qxb1 18. Rb2 Qf5 19. Bb5+ Bd7 20. c6 bxc6 21. dxc6
Be7 22. cxd7+ Nxd7 23. Bxd7+ Qxd7 24. Qd5 Qc8 25. Qxf7+ Kd7 26. O-O Nf6 27. Re2
Qc5+ 28. Kh2 Rae8 29. Bb2 Ng4+ 30. Kh3 Qb5 31. Rc2 1-0

[Event "Quebec op U2000"]
[Site "Laval CAN"]
[Date "2022.09.05"]
[Round "7.26"]
[White "Laughlin, Braden"]
[Black "Wang, Rachel"]
[Result "1/2-1/2"]
[WhiteElo "1879"]
[BlackElo "1726"]
[PlyCount "86"]
[EventDate "2022.09.01"]
[EventType "swiss"]
[EventRounds "9"]
[EventCountry "CAN"]

1. e4 c5 2. Nf3 Nc6 3. Bb5 e6 4. Bxc6 bxc6 5. d3 Ne7 6. O-O Ng6 7. Nbd2 e5 8.
Re1 d6 9. Nf1 Be7 10. c3 Be6 11. h3 O-O 12. Ng3 f5 13. exf5 Bxf5 14. Nxf5 Rxf5
15. d4 exd4 16. cxd4 Rd5 17. Qc2 Bf6 18. Re4 Qb6 19. dxc5 Rxc5 20. Qe2 Qd8 21.
Rc4 Qe8 22. Qxe8+ Rxe8 23. Rxc5 dxc5 24. Kf1 Ne5 25. Nxe5 Bxe5 26. a4 Rb8 27.
Ra2 Kf7 28. Ke2 Ke6 29. Kd3 Kd5 30. Kc2 Bd4 31. Ra3 Bxf2 32. Rf3 Bd4 33. Rf7 c4
34. Rd7+ Ke4 35. Re7+ Kf5 36. g4+ Kf6 37. Rc7 Rb4 38. Rxc6+ Ke5 39. a5 Kd5 40.
Rc7 Kd6 41. Rc8 Kd7 42. Rf8 Rb5 43. Rf4 Bf6 1/2-1/2

[Event "Quebec op U2000"]
[Site "Laval CAN"]
[Date "2022.09.05"]
[Round "7.28"]
[White "Deschamps, Martin"]
[Black "Moses, Neil"]
[Result "0-1"]
[WhiteElo "1864"]
[BlackElo "1485"]
[PlyCount "110"]
[EventDate "2022.09.01"]
[EventType "swiss"]
[EventRounds "9"]
[EventCountry "CAN"]

1. c4 e5 2. Nc3 Nf6 3. g3 c6 4. Bg2 Bc5 5. e3 d5 6. cxd5 cxd5 7. d4 exd4 8.
exd4 Bb6 9. Nge2 O-O 10. O-O Nc6 11. Bg5 Be6 12. Na4 Bc7 13. Nc5 b6 14. Nxe6
fxe6 15. Rc1 Na5 16. Bh3 e5 17. Be6+ Kh8 18. dxe5 Bxe5 19. Bxd5 Qxd5 20. Bxf6
Qe6 21. Bxe5 Qxe5 22. b4 Nb7 23. Nf4 Rad8 24. Qg4 Rd2 25. Ne6 Re8 26. Ng5 Qe7
27. Qf4 Rd7 28. Kg2 Qf6 29. Qg4 Rde7 30. h4 Nd8 31. Rc8 h6 32. Qh5 Kg8 33. Rd1
Re5 34. f4 Re2+ 35. Kf3 g6 36. Ne4 R2xe4 37. Qd5+ Nf7 38. Rc6 Re3+ 39. Kg2 Qb2+
40. Kh3 Rxg3+ 41. Kxg3 Re3+ 42. Qf3 Rxf3+ 43. Kxf3 Qa3+ 44. Ke2 Qxa2+ 45. Rd2
Qa6+ 46. Kf2 Qb5 47. Rxg6+ Kh7 48. Rf6 Kg7 49. Re6 Qxb4 50. Ree2 Qxf4+ 51. Kg1
Ne5 52. Rg2+ Kh7 53. Rdf2 Nf3+ 54. Kf1 Qc4+ 55. Re2 Nd4 0-1

[Event "Quebec op U2000"]
[Site "Laval CAN"]
[Date "2022.09.05"]
[Round "7.29"]
[White "Forget, Luc"]
[Black "Baran, Marius"]
[Result "1-0"]
[WhiteElo "1905"]
[BlackElo "1781"]
[PlyCount "83"]
[EventDate "2022.09.01"]
[EventType "swiss"]
[EventRounds "9"]
[EventCountry "CAN"]

1. d4 Nf6 2. c4 e6 3. Nc3 Bb4 4. Qc2 d5 5. a3 Be7 6. Nf3 O-O 7. Bg5 Nbd7 8. e3
c6 9. Bd3 dxc4 10. Bxc4 Nd5 11. Bxe7 Qxe7 12. O-O Nxc3 13. Qxc3 c5 14. d5 exd5
15. Bxd5 Nf6 16. Bc4 b6 17. Rfd1 Bg4 18. Be2 Rad8 19. b4 Nd5 20. Qb3 Nf4 21.
Kf1 Nxe2 22. Kxe2 Qe5 23. h3 Be6 24. Nxe5 Bxb3 25. Rxd8 Rxd8 26. bxc5 bxc5 27.
Rc1 Rc8 28. e4 f6 29. Rc3 Ba4 30. Nd3 Bb5 31. Ke3 c4 32. Nb4 Rd8 33. Nd5 f5 34.
Ne7+ Kf7 35. Nxf5 Rd1 36. Ke2 Rd7 37. Ne3 Rd4 38. f3 Ke6 39. Nf5 Rd7 40. Ke3 a6
41. f4 g5 42. Nd4+ 1-0

[Event "Quebec op U2000"]
[Site "Laval CAN"]
[Date "2022.09.05"]
[Round "7.30"]
[White "Page, Denis"]
[Black "Sekki, Abderaouf"]
[Result "1-0"]
[WhiteElo "1637"]
[BlackElo "1951"]
[PlyCount "89"]
[EventDate "2022.09.01"]
[EventType "swiss"]
[EventRounds "9"]
[EventCountry "CAN"]

1. e4 d6 2. d4 Nf6 3. Bd3 e5 4. c3 Nbd7 5. Nf3 c6 6. dxe5 dxe5 7. Bg5 Qc7 8.
Nbd2 Be7 9. Qe2 Nc5 10. Bc2 h6 11. Bh4 Bg4 12. Bg3 Nfd7 13. Nc4 f6 14. Ne3 Be6
15. Nd4 Bf7 16. Nef5 Bf8 17. b4 Ne6 18. Bb3 Nxd4 19. Bxf7+ Kxf7 20. Nxd4 Nb6
21. a4 a5 22. Qa2+ Kg6 23. bxa5 Rxa5 24. f4 exf4 25. Ne6 Qe5 26. Nxf4+ Kh7 27.
Qc2 Bb4 28. Nd5 Qd4 29. Bf2 Bxc3+ 30. Nxc3 Qd8 31. O-O Nc4 32. e5+ g6 33. exf6
Re5 34. Ne4 b5 35. axb5 cxb5 36. Ra7+ Kg8 37. Rg7+ Kf8 38. Rd1 Qa8 39. Ra7 Qb8
40. Qd3 Qe8 41. Qd8 Rg8 42. Qxe8+ Kxe8 43. Ra8+ Kf7 44. Rd7+ Ke6 45. Re7+ 1-0

[Event "Quebec op U2000"]
[Site "Laval CAN"]
[Date "2022.09.05"]
[Round "7.31"]
[White "Morin-Pare, Victor"]
[Black "Joanis, Marc-Andre"]
[Result "1-0"]
[WhiteElo "1912"]
[BlackElo "1780"]
[PlyCount "55"]
[EventDate "2022.09.01"]
[EventType "swiss"]
[EventRounds "9"]
[EventCountry "CAN"]

1. d4 Nf6 2. Nc3 d5 3. Bf4 c6 4. e3 Bf5 5. f3 Bg6 6. g4 e6 7. h4 h5 8. g5 Nfd7
9. Bd3 Bxd3 10. Qxd3 g6 11. Nge2 Qb6 12. a4 Qa6 13. Qd2 Bb4 14. Nc1 Nb6 15. Nd3
Bxc3 16. Qxc3 Nc4 17. a5 b6 18. Nb4 Qb7 19. axb6 axb6 20. Rxa8 Qxa8 21. b3 Na5
22. Be5 Rg8 23. Kf2 Nd7 24. Nd3 Qb7 25. Ra1 Nxe5 26. Nxe5 Ke7 27. b4 Nc4 28.
Ra7 1-0

[Event "Quebec op U2000"]
[Site "Laval CAN"]
[Date "2022.09.05"]
[Round "7.32"]
[White "Adulfo, Vincent Angel"]
[Black "Dupont-Mageau, Nicolas"]
[Result "0-1"]
[WhiteElo "1654"]
[BlackElo "1749"]
[PlyCount "28"]
[EventDate "2022.09.01"]
[EventType "swiss"]
[EventRounds "9"]
[EventCountry "CAN"]

1. e4 c5 2. Nf3 Nc6 3. Bb5 e6 4. Nc3 Nge7 5. Bxc6 Nxc6 6. d4 cxd4 7. Nxd4 Bc5
8. Ndb5 O-O 9. Qh5 Qb6 10. O-O a6 11. Na3 Bxa3 12. bxa3 Qa5 13. Qh3 Nd4 14. Qg3
Qxc3 0-1

[Event "Quebec op U2000"]
[Site "Laval CAN"]
[Date "2022.09.05"]
[Round "7.33"]
[White "Guan, Daniel"]
[Black "Sonko, Babacar"]
[Result "1-0"]
[WhiteElo "985"]
[BlackElo "1653"]
[PlyCount "45"]
[EventDate "2022.09.01"]
[EventType "swiss"]
[EventRounds "9"]
[EventCountry "CAN"]

1. d4 e6 2. c4 f5 3. Nc3 Nf6 4. Nf3 d5 5. e3 c6 6. Bd3 Bd6 7. Bd2 Nbd7 8. cxd5
cxd5 9. Nb5 Bb8 10. Bb4 Ne4 11. Qa4 Kf7 12. Rc1 Re8 13. Rc2 Kg8 14. O-O Nb6 15.
Qa3 a6 16. Rfc1 g5 17. Qa5 g4 18. Nc7 gxf3 19. Nxe8 Bxh2+ 20. Kxh2 Qh4+ 21. Kg1
fxg2 22. Kxg2 Qg4+ 23. Kf1 1-0

[Event "Quebec op U2000"]
[Site "Laval CAN"]
[Date "2022.09.05"]
[Round "7.34"]
[White "Brassard, Sylvain"]
[Black "Morales, Al"]
[Result "0-1"]
[WhiteElo "1694"]
[BlackElo "1753"]
[PlyCount "28"]
[EventDate "2022.09.01"]
[EventType "swiss"]
[EventRounds "9"]
[EventCountry "CAN"]

1. d4 d5 2. Bf4 c5 3. e3 cxd4 4. exd4 Nc6 5. c3 Nf6 6. Bd3 Bg4 7. Nf3 Nh5 8.
Bg3 Qb6 9. b3 Rc8 10. Nbd2 e6 11. Rc1 Be7 12. Be2 Ba3 13. Ra1 Bb2 14. Rb1 Bxc3
0-1

[Event "Quebec op U2000"]
[Site "Laval CAN"]
[Date "2022.09.05"]
[Round "7.35"]
[White "Phaneuf, Vincent"]
[Black "Arsenault, Alexis"]
[Result "1/2-1/2"]
[WhiteElo "1682"]
[BlackElo "1554"]
[PlyCount "53"]
[EventDate "2022.09.01"]
[EventType "swiss"]
[EventRounds "9"]
[EventCountry "CAN"]

1. d4 Nf6 2. c4 c6 3. Nf3 d5 4. Nc3 e6 5. e3 Nbd7 6. Bd3 Bd6 7. e4 dxe4 8. Nxe4
Nxe4 9. Bxe4 e5 10. O-O exd4 11. Qxd4 Qf6 12. Bg5 Qxd4 13. Nxd4 Nc5 14. Bf5 O-O
15. Bxc8 Rfxc8 16. Nf5 Bf8 17. Be7 Re8 18. Rfe1 g6 19. Bxf8 Kxf8 20. Rxe8+ Rxe8
21. b4 Ne4 22. Ne3 Nd6 23. Rd1 Nf5 24. Nxf5 gxf5 25. Kf1 b6 26. Re1 Rxe1+ 27.
Kxe1 1/2-1/2

[Event "Quebec op U2000"]
[Site "Laval CAN"]
[Date "2022.09.05"]
[Round "7.36"]
[White "Cloutier, Jean-Pierre"]
[Black "Vaillant, Charles-Etienne"]
[Result "0-1"]
[WhiteElo "1714"]
[BlackElo "1452"]
[PlyCount "58"]
[EventDate "2022.09.01"]
[EventType "swiss"]
[EventRounds "9"]
[EventCountry "CAN"]

1. d4 d5 2. Bf4 c5 3. e3 cxd4 4. exd4 Nf6 5. Bd3 Nc6 6. c3 e6 7. Nf3 Bd6 8. Ne5
Bxe5 9. dxe5 Nd7 10. Qe2 a6 11. Nd2 Nc5 12. Bc2 d4 13. Be4 dxc3 14. bxc3 Qc7
15. Nc4 Nxe4 16. Qxe4 O-O 17. O-O Ne7 18. Be3 Nd5 19. Nd6 Nxe3 20. Qxe3 f6 21.
f4 Bd7 22. Rf3 fxe5 23. Qxe5 Rad8 24. Rg3 Bc8 25. Rd1 Rf5 26. Nxf5 Rxd1+ 27.
Kf2 Qxe5 28. Nh6+ Kf8 29. fxe5 gxh6 0-1

[Event "Quebec op U2000"]
[Site "Laval CAN"]
[Date "2022.09.05"]
[Round "8.24"]
[White "Di Matteo, Alessio"]
[Black "Fang, Zhou"]
[Result "1-0"]
[WhiteElo "1909"]
[BlackElo "1726"]
[PlyCount "129"]
[EventDate "2022.09.01"]
[EventType "swiss"]
[EventRounds "9"]
[EventCountry "CAN"]

1. d4 Nf6 2. c4 g6 3. Nc3 Bg7 4. e4 d6 5. Nf3 O-O 6. Be2 e5 7. O-O Nc6 8. d5
Ne7 9. b4 a5 10. bxa5 Rxa5 11. Nd2 c5 12. Nb3 Ra6 13. Re1 Ne8 14. a4 f5 15. Bf1
f4 16. f3 g5 17. a5 Nf6 18. Na4 Nd7 19. Re2 Ng6 20. Bd2 h5 21. Be1 g4 22. Rb2
Qg5 23. Kh1 g3 24. h3 Rf7 25. Nc1 Nh4 26. Ne2 Bf8 27. Ng1 Rg7 28. Ra3 Be7 29.
Qb3 Bd8 30. Qb5 Nf6 31. Rba2 Bd7 32. Qxb7 Bxa5 33. Qxa6 Bxe1 34. Qxd6 Bf2 35.
Nxc5 Ne8 36. Ra8 Kh7 37. Rxe8 Bxe8 38. Ne6 Qe7 39. Qxe5 Rg6 40. Qxf4 Bf7 41.
Ng5+ Qxg5 42. Qxf7+ Rg7 43. f4 Rxf7 44. fxg5 Bd4 45. Bd3 Rf2 46. e5+ Kg7 47.
Rxf2 gxf2 48. Nf3 Nf5 49. Nxd4 Nxd4 50. g3 Nc2 51. Bf1 Ne3 52. Bd3 f1=Q+ 53.
Bxf1 Nxf1 54. d6 Nxg3+ 55. Kg2 Ne2 56. Kf3 Nd4+ 57. Ke4 Ne6 58. Kd5 Nf4+ 59.
Kc6 Nd3 60. e6 Kf8 61. Kc7 Nc5 62. e7+ Ke8 63. g6 Ne6+ 64. Kc8 h4 65. g7 1-0

[Event "Quebec op U2000"]
[Site "Laval CAN"]
[Date "2022.09.05"]
[Round "8.25"]
[White "Mangahas, Ronald"]
[Black "Wang, Rachel"]
[Result "1-0"]
[WhiteElo "1842"]
[BlackElo "1726"]
[PlyCount "105"]
[EventDate "2022.09.01"]
[EventType "swiss"]
[EventRounds "9"]
[EventCountry "CAN"]

1. e4 c5 2. c4 Nc6 3. Nc3 g6 4. g3 Bg7 5. Bg2 e6 6. Nge2 Nge7 7. d3 d6 8. Be3
Nd4 9. O-O O-O 10. f4 Nec6 11. a3 Qd7 12. Rb1 b6 13. Bf2 Bb7 14. b4 Rad8 15. b5
Nxe2+ 16. Nxe2 Nd4 17. Nxd4 cxd4 18. g4 f5 19. h3 e5 20. Bh4 Rc8 21. gxf5 gxf5
22. exf5 Bxg2 23. Kxg2 Qxf5 24. fxe5 Qg6+ 25. Qg4 Bxe5 26. Rxf8+ Kxf8 27. Rf1+
Kg8 28. Rf5 Qxg4+ 29. hxg4 Rf8 30. Rxf8+ Kxf8 31. Kf3 Kf7 32. Ke4 Ke6 33. a4 h6
34. Be1 Bg7 35. Bd2 Bf8 36. a5 bxa5 37. Bxa5 Kd7 38. Kxd4 Bg7+ 39. Kd5 Bf6 40.
Bd2 Bg7 41. Be3 Ke7 42. Bxa7 Bf8 43. Be3 Bg7 44. Bf4 Bf8 45. c5 Kd7 46. Bxd6
Bg7 47. b6 Kc8 48. c6 Kd8 49. b7 Ke8 50. Ke6 Bf6 51. b8=Q+ Bd8 52. Be7 h5 53.
Qxd8# 1-0

[Event "Quebec op U2000"]
[Site "Laval CAN"]
[Date "2022.09.05"]
[Round "8.27"]
[White "Dupont-Mageau, Nicolas"]
[Black "Laughlin, Braden"]
[Result "1/2-1/2"]
[WhiteElo "1749"]
[BlackElo "1879"]
[PlyCount "82"]
[EventDate "2022.09.01"]
[EventType "swiss"]
[EventRounds "9"]
[EventCountry "CAN"]

1. d4 d5 2. Nc3 c6 3. Bf4 Bf5 4. Qd2 e6 5. f3 Nf6 6. h4 h5 7. Bg5 Nbd7 8. O-O-O
Bb4 9. a3 Be7 10. e4 dxe4 11. fxe4 Nxe4 12. Nxe4 Bxe4 13. Re1 Bf5 14. Nf3 Bxg5
15. hxg5 g6 16. Bc4 O-O 17. Qf4 Qb8 18. Qh4 Bg4 19. Re4 Bxf3 20. gxf3 Re8 21.
Qh3 Qd6 22. Rh4 Qf8 23. f4 Qg7 24. Be2 Nf8 25. c3 Rad8 26. Bxh5 gxh5 27. Rxh5
f6 28. gxf6 Qxf6 29. Rg1+ Ng6 30. Rxg6+ Qxg6 31. Rg5 Qxg5 32. fxg5 Rd7 33. Qh6
Rg7 34. Qf6 Ree7 35. g6 a6 36. Kc2 Re8 37. Kd3 Rge7 38. Ke4 Rd7 39. Qe5 Rg7 40.
Qh5 Rf8 41. Qg5 Rf5 1/2-1/2

[Event "Quebec op U2000"]
[Site "Laval CAN"]
[Date "2022.09.05"]
[Round "8.28"]
[White "Liu, Kevin"]
[Black "Zhang, Michelle"]
[Result "1-0"]
[WhiteElo "1800"]
[BlackElo "1729"]
[PlyCount "59"]
[EventDate "2022.09.01"]
[EventType "swiss"]
[EventRounds "9"]
[EventCountry "CAN"]

1. c4 e5 2. Nc3 Nf6 3. g3 d5 4. cxd5 Nxd5 5. Bg2 Nb6 6. Nf3 Nc6 7. O-O Be7 8.
d3 O-O 9. Be3 Be6 10. Na4 Nxa4 11. Qxa4 a6 12. Rfc1 Bf6 13. Nd2 e4 14. Qa3 exd3
15. exd3 Nd4 16. Bxd4 Bxd4 17. Rc2 c6 18. Ne4 Rb8 19. Re1 Bd5 20. Rce2 Qc7 21.
Nd6 Bxg2 22. Kxg2 Rbd8 23. Nf5 Qd7 24. Nxd4 Qxd4 25. Re7 Qd5+ 26. Kg1 Qh5 27.
Rc7 Rxd3 28. Qxf8+ Kxf8 29. Rc8+ Rd8 30. Rxd8# 1-0

[Event "Quebec op U2000"]
[Site "Laval CAN"]
[Date "2022.09.05"]
[Round "8.29"]
[White "Guan, Daniel"]
[Black "Morin-Pare, Victor"]
[Result "0-1"]
[WhiteElo "985"]
[BlackElo "1912"]
[PlyCount "84"]
[EventDate "2022.09.01"]
[EventType "swiss"]
[EventRounds "9"]
[EventCountry "CAN"]

1. d4 Nf6 2. c4 e6 3. Nc3 Bb4 4. Qc2 O-O 5. Nf3 d6 6. Bd2 b6 7. e3 Bb7 8. Be2
Nbd7 9. a3 Bxc3 10. Bxc3 Ne4 11. O-O Re8 12. Rfd1 Nxc3 13. Qxc3 Qf6 14. b4 Rac8
15. Rac1 e5 16. dxe5 Nxe5 17. Nxe5 Rxe5 18. Bf1 Qg6 19. Qd4 Bxg2 20. Bxg2 Rg5
21. Kh1 Rxg2 22. Rg1 Rxg1+ 23. Rxg1 Qh6 24. Qe4 Qe6 25. Qb7 h5 26. Qxa7 Qe4+
27. Rg2 Ra8 28. Qxc7 Rxa3 29. Qd8+ Kh7 30. h3 Ra1+ 31. Kh2 Qe5+ 32. f4 Qxe3 33.
Qg5 g6 34. Qf6 Ra7 35. Qxd6 Ra3 36. Qd5 Qxh3+ 37. Kg1 Ra1+ 38. Kf2 Ra2+ 39. Kg1
Qe3+ 40. Kh1 Qe1+ 41. Kh2 Qh4+ 42. Kg1 Ra1+ 0-1

[Event "Quebec op U2000"]
[Site "Laval CAN"]
[Date "2022.09.05"]
[Round "8.30"]
[White "Page, Denis"]
[Black "Forget, Luc"]
[Result "0-1"]
[WhiteElo "1637"]
[BlackElo "1905"]
[PlyCount "88"]
[EventDate "2022.09.01"]
[EventType "swiss"]
[EventRounds "9"]
[EventCountry "CAN"]

1. e4 Nf6 2. e5 Nd5 3. d4 d6 4. Nf3 Nc6 5. Bb5 Bd7 6. c4 Nb6 7. exd6 cxd6 8. d5
Nb8 9. Bxd7+ N8xd7 10. b3 Nf6 11. Bb2 g6 12. Nbd2 Bg7 13. Ne4 Nbd7 14. Qe2 O-O
15. Nxf6+ Bxf6 16. O-O Bxb2 17. Qxb2 a5 18. Nd4 Nc5 19. Qe2 Qd7 20. Rfe1 Rae8
21. Rad1 Qc7 22. Qg4 f5 23. Qg5 Qd7 24. Ne6 Rf6 25. Nd4 Kg7 26. Qd2 Qd8 27. Re3
h5 28. Rde1 Kf7 29. R1e2 e5 30. dxe6+ Ke7 31. Qe1 Qb6 32. Kh1 Rd8 33. Nf3 d5
34. cxd5 Rxd5 35. Re5 Nd3 36. Rxd5 Nxe1 37. Rd7+ Ke8 38. e7 Re6 39. Red2 Nxf3
40. Rd8+ Kxe7 41. R2d7+ Kf6 42. Rf8+ Kg5 43. h4+ Kg4 44. gxf3+ Kh3 0-1

[Event "Quebec op U2000"]
[Site "Laval CAN"]
[Date "2022.09.05"]
[Round "8.31"]
[White "Morales, Al"]
[Black "Baran, Marius"]
[Result "1-0"]
[WhiteElo "1753"]
[BlackElo "1781"]
[PlyCount "81"]
[EventDate "2022.09.01"]
[EventType "swiss"]
[EventRounds "9"]
[EventCountry "CAN"]

1. c4 Nf6 2. Nc3 e6 3. e4 d5 4. e5 Ng8 5. d4 Ne7 6. Bg5 h6 7. Bh4 g5 8. Bg3 Nf5
9. cxd5 exd5 10. Bb5+ c6 11. Ba4 Be6 12. Nge2 Nd7 13. h3 Bg7 14. Bh2 Qb6 15.
Bb3 f6 16. Bc2 fxe5 17. dxe5 Bxe5 18. Bxe5 Nxe5 19. Bxf5 Bxf5 20. O-O O-O-O 21.
Nd4 Bd3 22. Ne6 Rde8 23. Ng7 Ref8 24. Na4 Qc7 25. Ne6 Qf7 26. Nxf8 Rxf8 27. Qb3
Bc4 28. Qe3 Bxf1 29. Rxf1 Nc4 30. Qxa7 Qc7 31. b3 Ne5 32. Qa8+ Qb8 33. Nb6+ Kc7
34. Qa5 Kd6 35. Qb4+ c5 36. Qd2 d4 37. Re1 Kc6 38. Na4 b5 39. Nb2 Qd6 40. Qe2
Nd7 41. a4 1-0

[Event "Quebec op U2000"]
[Site "Laval CAN"]
[Date "2022.09.05"]
[Round "8.32"]
[White "Sekki, Abderaouf"]
[Black "Adulfo, Vincent Angel"]
[Result "1-0"]
[WhiteElo "1951"]
[BlackElo "1654"]
[PlyCount "48"]
[EventDate "2022.09.01"]
[EventType "swiss"]
[EventRounds "9"]
[EventCountry "CAN"]

1. d4 Nf6 2. c4 e6 3. Nf3 b6 4. g3 Bb7 5. Bg2 Be7 6. O-O d6 7. Nc3 Nbd7 8. Qc2
Rc8 9. e4 e5 10. dxe5 dxe5 11. Rd1 Bd6 12. Nh4 Bc5 13. Nf5 O-O 14. Bg5 Qe8 15.
Rd3 Qe6 16. Bh3 Qxc4 17. b3 Qb4 18. a3 Qa5 19. Rdd1 Bxa3 20. Ne7+ Kh8 21. Nxc8
Bxc8 22. Bxf6 Nxf6 23. Bxc8 Rxc8 24. Nb1 Qc5 1-0

[Event "Quebec op U2000"]
[Site "Laval CAN"]
[Date "2022.09.05"]
[Round "8.33"]
[White "Fumey, Enyonam Sewa"]
[Black "Arsenault, Alexis"]
[Result "0-1"]
[WhiteElo "1825"]
[BlackElo "1554"]
[PlyCount "45"]
[EventDate "2022.09.01"]
[EventType "swiss"]
[EventRounds "9"]
[EventCountry "CAN"]

1. e4 e5 2. f4 d5 3. exd5 e4 4. d3 Nf6 5. dxe4 Nxe4 6. Nf3 c6 7. Bd3 Nc5 8. Be2
Bd6 9. O-O O-O 10. c4 Re8 11. Nc3 Bf5 12. Nd4 Be4 13. b4 Qb6 14. Ba3 Qa6 15.
bxc5 Qxa3 16. Nxe4 Rxe4 17. dxc6 Nxc6 18. Nb3 Bxc5+ 19. Nxc5 Qxc5+ 20. Kh1 Rd8
21. Bd3 Red4 22. Bxh7+ Kxh7 23. Qh5+ 0-1